| 000 | 02207nam0a2200337 4500 | ||
|---|---|---|---|
| 001 | RU\NLR\BIBL_A\011610165 | ||
| 005 | 20260408122150.0 | ||
| 010 |
_a9785946143721 _960 |
||
| 021 |
_aRU _b2017-100291 _97234 |
||
| 035 | _a(RuMoRGB)009500526 | ||
| 035 | _a(NLR Aleph) 011610165 | ||
| 090 |
_a10931560 _c10931560 |
||
| 100 | _a20180129d2016 u y0rusy50 ca | ||
| 101 | 0 | _arus | |
| 102 | _aRU | ||
| 105 | _aa|||zzzz000zy | ||
| 200 | 1 |
_aБухгалтерский учет и анализ _eучебное пособие по дисциплинам "История бухгалтерского учета", "Бухгалтерский учет и анализ", "Учет и анализ" для студентов всех специальностей, направлений и форм обучения _fФедеральное агентство железнодорожного транспорта, Уральский государственный университет путей сообщения, Кафедра "Экономика транспорта" _g[С. В. Рачек и др.] _gпод редакцией кандидата экономических наук, доцента И. В. Ереминой |
|
| 210 |
_aЕкатеринбург _cУрГУПС _d2016 |
||
| 215 |
_a411 с. _cил., табл. _d20 |
||
| 320 | _aБиблиогр.: с. 409-411 (20 назв.) | ||
| 606 | 1 |
_aБухгалтерский учет _jУчебные издания для высших учебных заведений _yРоссийская Федерация _92073607 _3RU\NLR\AUTH\661248526 |
|
| 686 |
_aУ052.9(2)20я73-1 _2rubbk |
||
| 686 | 1 | _aУ052.9(2)2я73 | |
| 702 | 1 |
_4220 _7ca _8rus _aРачек _bС. В. _gСветлана Витальевна _922629 _3RU\NLR\AUTH\7739645 |
|
| 702 | 1 |
_aЕремина _bИ. В. _gИрина Викторовна _4340 |
|
| 712 | 0 | 2 |
_4570 _aУральский государственный университет путей сообщения _bКафедра "Экономика транспорта" _cЕкатеринбург _9480131 _3RU\NLR\AUTH\880406850 |
| 942 | _cBOOK | ||
| 980 | _aNBR | ||